000 00487 a2200169 4500
003 OSt
005 20240801150840.0
008 231018b |||||||| |||| 00| 0 eng d
020 _a9953850496
040 _coclc
082 _a892.7134
_bIBN/D
100 _aSandhih,Abdullah
_910464
245 _aDīwān Ibn Khafājah /
_cAbdullah Sandhih
260 _bDar el marefah,
_aBeiruth:
_c2006.
300 _a334 p
942 _2ddc
_cBK
_h892.7134
_iIBN/D
_k892.7134
_mIBN/D
999 _c42694
_d42694